Zgadnij kraj po pierwszych dwóch literach - Statystyki

Ogólne statystyki
  • Ten quiz został rozwiązany 60 razy
  • Średni wynik to 11 z 12
Statystyki odpowiedzi
Pierwsze
dwie litery
Odpowiedz % Poprawnych
Cz Czad Czarnogóra Czechy
100%
Ja Jamajka Japonia
100%
Om Oman
100%
Fi Filipiny Fidżi Finlandia
98%
Ni Niemcy Niger Nigeria
98%
Po Polska Portugalia
98%
Es Estonia Eswatini
97%
Ur Urugwaj
97%
Sz Szwecja Szwajcaria
95%
Wi Wielka Brytania Wietnam
95%
Br Brazylia brunei
90%
Na Nauru Namibia
79%
Nie znaleziono quizów pasujących do podanych kryteriów
Rozkład punktacji
Procent ludzi z każdym wynikiem
Percentyl według liczby udzielonych odpowiedzi
Twoja historia wyników
Nie rozwiązałeś tego quizu